<?xml version="1.0" encoding="UTF-8"?><?xml-stylesheet type="text/xsl" href="static/style.xsl"?><OAI-PMH xmlns="http://www.openarchives.org/OAI/2.0/" xmlns:xsi="http://www.w3.org/2001/XMLSchema-instance" xsi:schemaLocation="http://www.openarchives.org/OAI/2.0/ http://www.openarchives.org/OAI/2.0/OAI-PMH.xsd"><responseDate>2026-04-17T11:51:47Z</responseDate><request verb="GetRecord" identifier="oai:www.recercat.cat:2072/478216" metadataPrefix="marc">https://recercat.cat/oai/request</request><GetRecord><record><header><identifier>oai:recercat.cat:2072/478216</identifier><datestamp>2025-07-29T22:23:12Z</datestamp><setSpec>com_2072_98</setSpec><setSpec>col_2072_378192</setSpec></header><metadata><record xmlns="http://www.loc.gov/MARC21/slim" xmlns:dcterms="http://purl.org/dc/terms/" xmlns:xsi="http://www.w3.org/2001/XMLSchema-instance" xmlns:doc="http://www.lyncode.com/xoai" xsi:schemaLocation="http://www.loc.gov/MARC21/slim http://www.loc.gov/standards/marcxml/schema/MARC21slim.xsd">
   <leader>00925njm 22002777a 4500</leader>
   <datafield ind2=" " ind1=" " tag="042">
      <subfield code="a">dc</subfield>
   </datafield>
   <datafield ind2=" " ind1=" " tag="720">
      <subfield code="a">Buenafuentes de la Mata, Cristina</subfield>
      <subfield code="e">author</subfield>
   </datafield>
   <datafield ind2=" " ind1=" " tag="720">
      <subfield code="a">Gallego, Ángel J.</subfield>
      <subfield code="e">author</subfield>
   </datafield>
   <datafield ind2=" " ind1=" " tag="720">
      <subfield code="a">De Sousa, Priscila</subfield>
      <subfield code="e">author</subfield>
   </datafield>
   <datafield ind2=" " ind1=" " tag="720">
      <subfield code="a">Gonzalo, Nieves</subfield>
      <subfield code="e">author</subfield>
   </datafield>
   <datafield ind2=" " ind1=" " tag="260">
      <subfield code="c">2023</subfield>
   </datafield>
   <datafield ind2=" " ind1=" " tag="520">
      <subfield code="a">Este volumen aborda la relación entre la gramática y la escritura, a partir de la revisión de diferentes fenómenos gramaticales (aspecto léxico, estructura informativa, género, etc.) y la propuesta de estrategias para su enseñanza, por parte de un profesor de universidad, y la descripción de la experiencia de aula, una vez llevadas a la práctica, por parte de un profesor de instituto. Si bien saber gramática no está directamente relacionado con escribir bien, los trabajos que forman parte de este volumen demuestran que puede ayudar a corregir muchos problemas relacionados con la escritura.</subfield>
   </datafield>
   <datafield ind2=" " ind1=" " tag="520">
      <subfield code="a">Aquest volum tracta la relació entre la gramàtica i l'escriptura, a partir de la revisió de diferents fenòmens gramaticals (aspecte lèxic, estructura informativa, gènere, etc.) i la proposta d'estratègies per ensenyar-los, per part d'un professor d'universitat, i la descripció de l'experiència d'aula, portades a la pràctica, per part d'un professor d'institut. Si bé saber gramàtica no està directament relacionat amb escriure bé, els treballs que formen part d'aquest volum demostren que pot ajudar a corregir molts problemes relacionats amb l'escriptura.</subfield>
   </datafield>
   <datafield ind2=" " ind1=" " tag="520">
      <subfield code="a">This volume deals with the relationship between grammar and writing, from the review of different grammatical phenomena (lexical aspect, informative structure, gender, etc.) and the proposal of strategies to teach them, by a university professor, and the description of classroom experience, put into practice, by a high school teacher. Although knowing grammar is not directly related to writing well, the works in this volume demonstrate that it can help correct many problems related to writing.</subfield>
   </datafield>
   <datafield ind2=" " ind1=" " tag="520">
      <subfield code="a">Este volumen aborda la relación entre la gramática y la escritura, a partir de la revisión de diferentes fenómenos gramaticales (aspecto léxico, estructura informativa, género, etc.) y la propuesta de estrategias para su enseñanza, por parte de un profesor de universidad, y la descripción de la experiencia de aula, una vez llevadas a la práctica, por parte de un profesor de instituto. Si bien saber gramática no está directamente relacionado con escribir bien, los trabajos que forman parte de este volumen demuestran que puede ayudar a corregir muchos problemas relacionados con la escritura.</subfield>
   </datafield>
   <datafield tag="653" ind2=" " ind1=" ">
      <subfield code="a">Gramàtica</subfield>
   </datafield>
   <datafield tag="653" ind2=" " ind1=" ">
      <subfield code="a">Escriptura</subfield>
   </datafield>
   <datafield tag="653" ind2=" " ind1=" ">
      <subfield code="a">Grammar</subfield>
   </datafield>
   <datafield tag="653" ind2=" " ind1=" ">
      <subfield code="a">Writing</subfield>
   </datafield>
   <datafield tag="653" ind2=" " ind1=" ">
      <subfield code="a">Gramática</subfield>
   </datafield>
   <datafield tag="653" ind2=" " ind1=" ">
      <subfield code="a">Escritura</subfield>
   </datafield>
   <datafield ind2="0" ind1="0" tag="245">
      <subfield code="a">Trabajar la escritura a través de la gramática</subfield>
   </datafield>
</record></metadata></record></GetRecord></OAI-PMH>